| 000 | 00616nam a2200241Ia 4500 | ||
|---|---|---|---|
| 008 | 160517s9999 xx 000 0 und d | ||
| 020 | _a1-904467-83-0 | ||
| 050 | _aComSc QA 76.5 | ||
| 050 | _b.R53 2005 | ||
| 100 | _aRichards, R.P. | ||
| 245 | _aComputers : | ||
| 245 | _bright from the start / | ||
| 245 | _cR.P. Richards. | ||
| 250 | _a2nd Edition | ||
| 260 | _aGreat Britain : | ||
| 260 | _bPayne-Gallway Pub. Limited., | ||
| 260 | _c2005 | ||
| 300 | _a94 pages : | ||
| 300 | _bcol. ill. ; | ||
| 300 | _c25 cm. | ||
| 500 | _aIncludes index. | ||
| 650 | _aMicrocomputer -- Juvenile literature. | ||
| 999 |
_c294142 _d294142 |
||